000 01013nam a22002657a 4500
003 OSt
005 20250818105508.0
008 250710b |||||||| |||| 00| 0 eng d
020 _a9783658372057 (Paperback)
_cUSD57.00
040 _aNUST
_beng
_cNUST
_dNUST
_erda
050 _aTK1001 ZAC
100 _aZacharias, Peter
_eAuthor
245 _aMagnetic components :
_bbasics and applications /
_cPeter Zacharias.
260 _a[Germany] :
_bSpringer,
_c©2022
300 _axiv, 806 pages :
_bIllustrations ;
_c25 cm.
336 _2rdamedia
_atext
_btxt
337 _2rdamedia
_aunmediated
_bn
338 _2rdamedia
_avolume
_bnc
440 _aMagnetic components
504 _aIncludes bibliographical references and index.
650 _vTECHNOLOGY and ENGINEERING Electronics General.
650 _vTECHNOLOGY and ENGINEERING Electronics Circuits General.
650 _vGeneration, modification, storage, transmission of electric power.
942 _2lcc
_cBOOKS
_hTK1001 ZAC
_kTK
_mZAC
_n0
999 _c172212
_d172212